|
|
|
|
| LEADER |
03335nam a2200529 4500 |
| 001 |
ocn903118329 |
| 003 |
OCoLC |
| 005 |
20180501122024.0 |
| 006 |
m o d |
| 007 |
cr cnu|||unuuu |
| 008 |
150210s2015 mau ob 001 0 eng d |
| 040 |
|
|
|a N$T
|b eng
|e rda
|e pn
|c N$T
|d N$T
|d UIU
|d OPELS
|d E7B
|d OCLCF
|d YDXCP
|d COO
|d UMI
|d EBLCP
|d IDEBK
|d CDX
|d DEBSZ
|d B24X7
|d DEBBG
|d LIV
|d OCLCQ
|d VT2
|d MERUC
|d GrThAP
|
| 019 |
|
|
|a 903442568
|a 913880163
|a 966355710
|
| 020 |
|
|
|a 9780128023426
|q (electronic bk.)
|
| 020 |
|
|
|a 0128023422
|q (electronic bk.)
|
| 020 |
|
|
|a 0128021349
|
| 020 |
|
|
|a 9780128021347
|
| 035 |
|
|
|a (OCoLC)903118329
|z (OCoLC)903442568
|z (OCoLC)913880163
|z (OCoLC)966355710
|
| 050 |
|
4 |
|a QA76.9.D338
|
| 072 |
|
7 |
|a COM
|x 018000
|2 bisacsh
|
| 082 |
0 |
4 |
|a 005.73
|2 23
|
| 049 |
|
|
|a TEFA
|
| 245 |
0 |
0 |
|a Advances in computers.
|n Volume ninety-six,
|p Dataflow processing /
|c edited by Ali R. Hurson, Veljko Milutinovic.
|
| 246 |
3 |
|
|a Advances in computers.
|n Volume 96,
|p Dataflow processing
|
| 246 |
3 |
|
|a Dataflow processing
|
| 250 |
|
|
|a First edition.
|
| 264 |
|
1 |
|a Waltham, MA :
|b Academic Press,
|c 2015.
|
| 300 |
|
|
|a 1 online resource.
|
| 336 |
|
|
|a text
|b txt
|2 rdacontent
|
| 337 |
|
|
|a computer
|b c
|2 rdamedia
|
| 338 |
|
|
|a online resource
|b cr
|2 rdacarrier
|
| 490 |
1 |
|
|a Advances in computers,
|x 0065-2458 ;
|v 96
|
| 588 |
0 |
|
|a Vendor-supplied metadata.
|
| 504 |
|
|
|a Includes bibliographical references and index.
|
| 505 |
0 |
|
|a An overview of selected heterogeneous and reconfigurable architectures / Saša Stojanović, Dragan Bokić, Miroslav Bojović -- Concurrency, synchronization, and speculation -- The dataflow way / Krishna Kavi, Charles Shelor, Domenico Pace -- Dataflow computing in extreme performance conditions / Diego Oriato, Stephen Girdlestone, Oskar Mencer -- Sorting networks on Maxeler dataflow supercomputing systems / Anton Kos, Vukašin Ranković́, Saso Toamžič -- Dual data cache systems: architecture and analysis / Zivojin Sustran, Goran Rakocevic, Veljko Milutinovic.
|
| 520 |
|
|
|a Since its first volume in 1960, Advances in Computers has presented detailed coverage of innovations in computer hardware, software, theory, design, and applications. It has also provided contributors with a medium in which they can explore their subjects in greater depth and breadth than journal articles usually allow. As a result, many articles have become standard references that continue to be of significant, lasting value in this rapidly expanding field. In-depth surveys and tutorials on new computer technologyWell-known authors and researchers in the fieldExtensive bibliographies with m.
|
| 650 |
|
0 |
|a Data flow computing.
|
| 650 |
|
0 |
|a Computer architecture.
|
| 650 |
|
7 |
|a COMPUTERS
|x Data Processing.
|2 bisacsh
|
| 650 |
|
7 |
|a Computer architecture.
|2 fast
|0 (OCoLC)fst00872026
|
| 650 |
|
7 |
|a Data flow computing.
|2 fast
|0 (OCoLC)fst00887940
|
| 655 |
|
4 |
|a Electronic books.
|
| 700 |
1 |
|
|a Hurson, A. R.,
|e editor.
|
| 700 |
1 |
|
|a Milutinović, Veljko,
|e editor.
|
| 776 |
0 |
8 |
|i Print version:
|t Advances in computers. Volume ninety-six, Dataflow processing.
|b First edition.
|d Waltham, [Massachusetts] : Academic Press, ©2015
|h viii, 259 pages
|z 9780128021347
|
| 830 |
|
0 |
|a Advances in computers ;
|v 96.
|
| 856 |
4 |
0 |
|u https://www.sciencedirect.com/science/bookseries/00652458/96
|z Full Text via HEAL-Link
|